| 000 | 07427namaa22004331i 4500 | ||
|---|---|---|---|
| 003 | OSt | ||
| 005 | 20260111121451.0 | ||
| 008 | 250827s2024 ua a|||frm||| 000 0 eng d | ||
| 040 |
_aEG-GICUC _bara _cEG-GICUC _dEG-GICUC _erda |
||
| 041 | 0 |
_aara _bara _beng |
|
| 049 | _aإيداع | ||
| 082 | 0 | 4 | _a627.8 |
| 092 |
_a627.8 _221 |
||
| 097 | _aدكتوراه | ||
| 099 | _aCai01.16.05.Ph.D.2024.حس.م | ||
| 100 | 0 |
_a،حسين رمضان أنور جويلي _eإعداد. |
|
| 245 | 1 | 0 |
_aمفاوضات أزمة سد النهضة : _bدراسة خاصة بالآليات السياسية والقانونية للوصول لحل ملزم ودائم لأزمة السد / _cإعداد حسين رمضان أنور جويلي؛ إشراف أ.م.د محمود زكريا، أ.د محمد عاشور مهدى، أ.د محمود ابو العينين. |
| 246 | 1 | 5 |
_aNegotiations of the renaissance dam crisis : _bA study of the political and legal mechanisms to reach a binding and permanent solution to the dam crisis / |
| 264 | 0 | _c2024. | |
| 300 |
_a332 صفحة : _bإيضاحيات ؛ _c25 cm. + _eCD. |
||
| 336 |
_atext _2rda content |
||
| 337 |
_aUnmediated _2rdamedia |
||
| 338 |
_avolume _2rdacarrier |
||
| 502 | _aأطروحة (دكتوراه)-جامعة القاهرة، 2024. | ||
| 504 | _aببليوجرافيا: صفحات 262-304. | ||
| 520 | _aتتناول هذه الدراسة أزمة سد النهضة باعتبارها واحدة من أكثر القضايا تعقيدًا في منطقة حوض النيل، لما تحمله من أبعاد سياسية وقانونية واقتصادية وأمنية. فبينما تسعى إثيوبيا إلى تحقيق مكاسب تنموية عبر بناء وتشغيل السد، تواجه مصر والسودان تحديات وجودية تتعلق بأمنهما المائي، ما يجعل التوصل إلى اتفاق ملزم أمرًا ضروريًا للحفاظ على الاستقرار الإقليمي. كما تهدف الدراسة إلى تحليل المفاوضات التي جرت بين الأطراف الثلاثة منذ إعلان إثيوبيا عن مشروع السد وحتى الوقت الراهن، مع التركيز على طبيعة الآليات السياسية والقانونية التي تم استخدامها لمحاولة حل الأزمة. كما تسلط الضوء على العقبات التي أعاقت التوصل إلى اتفاق نهائي، سواء كانت مرتبطة بالخلافات الفنية، أو بالتباينات في المواقف السياسية، أو بالتدخلات الدولية والإقليمية. وتعتمد الدراسة على منهج تحليلي مقارن لدراسة مختلف الجولات التفاوضية، مع تقييم الأدوات الدبلوماسية والقانونية التي تم اللجوء إليها، بما في ذلك الوساطة الدولية، واللجوء إلى المنظمات الإقليمية والدولية، فضلًا عن الاستناد إلى القوانين والاتفاقيات الدولية التي تحكم الأنهار العابرة للحدود. كما تستعرض الدراسة السيناريوهات المحتملة لمستقبل الأزمة، بدءًا من إمكانية الوصول إلى اتفاق شامل وعادل، مرورًا باستمرار حالة الجمود، ووصولًا إلى احتمالات التصعيد السياسي أو القانوني أو حتى العسكري. وتخلص الدراسة إلى أن التوصل إلى حل دائم وملزم لأزمة سد النهضة يتطلب مقاربة متكاملة تأخذ في الاعتبار مصالح جميع الأطراف، مع ضرورة تفعيل آليات الوساطة الفعالة، وتعزيز الالتزام بالقانون الدولي، وضمان عدم اتخاذ إجراءات أحادية قد تؤدي إلى تفاقم النزاع. كما تؤكد على أهمية الدور الذي يمكن أن تلعبه الأطراف الدولية الفاعلة في دعم مسار تفاوضي عادل ومستدام، بما يحقق الأمن المائي والتنمية لجميع دول حوض النيل. | ||
| 520 | _aThis study addresses the Grand Ethiopian Renaissance Dam crisis as one of the most complex issues in the Nile Basin region, due to its political, legal, economic and security dimensions. While Ethiopia seeks to achieve development gains through the construction and operation of the dam, Egypt and Sudan face existential challenges related to their water security, which makes reaching a binding agreement essential to maintaining regional stability. The study aims to analyze the negotiations that took place between the three parties since Ethiopia announced the dam project until the present time, with a focus on the nature of the political and legal mechanisms that were used to try to resolve the crisis. It also sheds light on the obstacles that hindered reaching a final agreement, whether related to technical differences, differences in political positions, or international and regional interventions. The study also relies on a comparative analytical approach to study the various negotiation rounds, with an evaluation of the diplomatic and legal tools that were resorted to, including international mediation, resorting to regional and international organizations, as well as relying on international laws and agreements governing transboundary rivers. The study also reviews possible scenarios for the future of the crisis, starting with the possibility of reaching a comprehensive and fair agreement, through the continuation of the stalemate, and reaching the possibilities of political, legal, or even military escalation. The study concludes that reaching a permanent and binding solution to the Renaissance Dam crisis requires an integrated approach that takes into account the interests of all parties, with the need to activate effective mediation mechanisms, enhance commitment to international law, and ensure that unilateral measures are not taken that may lead to an exacerbation of the conflict. It also emphasizes the importance of the role that international actors can play in supporting a fair and sustainable negotiation process, which achieves water security and development for all Nile Basin countries. | ||
| 530 | _aصدر أيضًا كقرص مدمج. | ||
| 546 | _aالنص بالعربية والملخص باللغة الإنجليزية والعربية. | ||
| 650 | 7 |
_a سد النهضة _aالاتفاقيات السياسية _2qrmak |
|
| 653 | 0 |
_aمفاوضات أزمة سد النهضة _aالأمن المائي _aالاتفاقيات الدولية |
|
| 700 | 0 |
_aمحمود زكريا _eمشرف أطروحة. |
|
| 700 | 0 |
_aمحمد عاشور مهدى _eمشرف أطروحة. |
|
| 700 | 0 |
_aمحمود ابو العينين _eمشرف أطروحة. |
|
| 900 |
_b01-01-2024 _cمحمود زكريا _cمحمد عاشور مهدى _cمحمود ابو العينين _dعبد السلام علي نوير _dايمن السيد محمود _Uجامعة القاهرة _Fكلية الدراسات الأفريقية _Dقسم السياسة والاقتصاد |
||
| 905 |
_aSara _eAfaf |
||
| 942 |
_2ddc _cTH _e21 _n0 |
||
| 999 | _c177032 | ||